[Event "DVM U10 2023"]
[Site "Magdeburg GER"]
[Date "2023.12.27"]
[Round "1"]
[White "Bacakova, Klara"]
[Black "Wittenberger, Henri"]
[Result "0-1"]
[Termination "normal"]
[Board "9.2"]
[WhiteElo "1344"]
[BlackElo "1066"]
[WhiteClock "00:21:51"]
[BlackClock "00:27:06"]
[WhiteTeam "SG Leipzig"]
[BlackTeam "MSA Zugzwang 82"]
[PlyCount "60"]
[WhiteFideId "34605762"]
[BlackFideId "34691510"]
[EventCountry "GER"]
[EventRounds "7"]
[EventType "team-swiss"]
[EventDate "2023.12.27"]

1. e4 {[%clk 00:55:09]} {[%emt 00:00:01]} e5 {[%clk 00:55:09]} {[%emt
00:00:01]} 2. Nf3 {[%clk 00:55:04]} {[%emt 00:00:10]} Nc6 {[%clk 00:55:10]}
{[%emt 00:00:04]} 3. Bc4 {[%clk 00:55:01]} {[%emt 00:00:08]} Nf6 {[%clk
00:54:59]} {[%emt 00:00:15]} 4. d3 {[%clk 00:54:56]} {[%emt 00:00:11]} Bc5
{[%clk 00:54:42]} {[%emt 00:00:22]} 5. c3 {[%clk 00:54:50]} {[%emt 00:00:12]}
d5 {[%clk 00:54:32]} {[%emt 00:00:14]} 6. exd5 {[%clk 00:54:38]} {[%emt
00:00:17]} Nxd5 {[%clk 00:54:19]} {[%emt 00:00:18]} 7. O-O {[%clk 00:53:52]}
{[%emt 00:00:51]} O-O {[%clk 00:53:49]} {[%emt 00:00:34]} 8. Nbd2 {[%clk
00:53:05]} {[%emt 00:00:53]} Bg4 {[%clk 00:52:23]} {[%emt 00:01:31]} 9. b4
{[%clk 00:52:14]} {[%emt 00:00:56]} Bb6 {[%clk 00:51:52]} {[%emt 00:00:34]} 10.
Re1 {[%clk 00:51:34]} {[%emt 00:00:47]} Nxc3 {[%clk 00:51:18]} {[%emt
00:00:39]} 11. Qc2 {[%clk 00:50:53]} {[%emt 00:00:46]} Bxf3 {[%clk 00:50:22]}
{[%emt 00:01:01]} 12. Nxf3 {[%clk 00:50:17]} {[%emt 00:00:41]} Nd5 {[%clk
00:49:38]} {[%emt 00:00:46]} 13. b5 {[%clk 00:49:22]} {[%emt 00:01:03]} Na5
{[%clk 00:48:59]} {[%emt 00:00:43]} 14. Nxe5 {[%clk 00:47:28]} {[%emt
00:01:59]} c6 {[%clk 00:41:47]} {[%emt 00:07:17]} 15. bxc6 {[%clk 00:45:26]}
{[%emt 00:02:08]} Nxc6 {[%clk 00:40:38]} {[%emt 00:01:14]} 16. Nxc6 {[%clk
00:45:15]} {[%emt 00:00:16]} bxc6 {[%clk 00:40:24]} {[%emt 00:00:20]} 17. Bb2
{[%clk 00:43:27]} {[%emt 00:01:52]} Nf6 {[%clk 00:39:28]} {[%emt 00:01:01]} 18.
h3 {[%clk 00:42:03]} {[%emt 00:01:29]} Bd4 {[%clk 00:38:25]} {[%emt 00:01:09]}
19. Rab1 {[%clk 00:40:24]} {[%emt 00:01:44]} Bxb2 {[%clk 00:36:48]} {[%emt
00:01:41]} 20. Rxb2 {[%clk 00:40:16]} {[%emt 00:00:13]} h6 {[%clk 00:36:19]}
{[%emt 00:00:34]} 21. Re3 {[%clk 00:39:23]} {[%emt 00:00:57]} Re8 {[%clk
00:34:54]} {[%emt 00:01:30]} 22. Rg3 {[%clk 00:36:06]} {[%emt 00:03:23]} Re1+
{[%clk 00:32:14]} {[%emt 00:02:43]} 23. Kh2 {[%clk 00:34:20]} {[%emt 00:01:54]}
Qd6 {[%clk 00:31:57]} {[%emt 00:00:15]} 24. Qd2 {[%clk 00:33:21]} {[%emt
00:01:10]} Rae8 {[%clk 00:31:20]} {[%emt 00:00:43]} 25. f4 {[%clk 00:28:42]}
{[%emt 00:04:43]} R8e2 {[%clk 00:30:00]} {[%emt 00:01:24]} 26. Qc3 {[%clk
00:28:17]} {[%emt 00:00:30]} Qxf4 {[%clk 00:29:13]} {[%emt 00:00:52]} 27. d4
{[%clk 00:24:26]} {[%emt 00:03:57]} Ne4 {[%clk 00:28:39]} {[%emt 00:00:38]} 28.
Qb3 {[%clk 00:23:41]} {[%emt 00:00:50]} Rxb2 {[%clk 00:28:16]} {[%emt
00:00:28]} 29. Qa3 {[%clk 00:23:10]} {[%emt 00:00:37]} Rbb1 {[%clk 00:27:37]}
{[%emt 00:00:43]} 30. Qd3 {[%clk 00:21:51]} {[%emt 00:01:24]} Rh1# {[%clk
00:27:06]} {[%emt 00:00:31]} *

[Event "DVM U10 2023"]
[Site "Magdeburg GER"]
[Date "2023.12.27"]
[Round "1"]
[White "Nida-Rümelin, Noel"]
[Black "Rose, Elias Bernd"]
[Result "1-0"]
[Termination "normal"]
[Board "9.3"]
[WhiteElo "796"]
[BlackElo "1150"]
[WhiteClock "00:32:07"]
[BlackClock "00:39:36"]
[WhiteTeam "MSA Zugzwang 82"]
[BlackTeam "SG Leipzig"]
[PlyCount "72"]
[BlackFideId "34665730"]
[EventCountry "GER"]
[EventRounds "7"]
[EventType "team-swiss"]
[EventDate "2023.12.27"]

1. e4 {[%clk 00:55:08]} {[%emt 00:00:01]} e6 {[%clk 00:54:52]} {[%emt
00:00:18]} 2. d4 {[%clk 00:54:46]} {[%emt 00:00:28]} d5 {[%clk 00:54:50]}
{[%emt 00:00:06]} 3. exd5 {[%clk 00:54:41]} {[%emt 00:00:10]} exd5 {[%clk
00:54:49]} {[%emt 00:00:05]} 4. Be3 {[%clk 00:54:22]} {[%emt 00:00:24]} Bd6
{[%clk 00:54:46]} {[%emt 00:00:08]} 5. Nf3 {[%clk 00:53:49]} {[%emt 00:00:39]}
Bf5 {[%clk 00:54:37]} {[%emt 00:00:13]} 6. Bd3 {[%clk 00:53:44]} {[%emt
00:00:11]} Bg6 {[%clk 00:54:07]} {[%emt 00:00:35]} 7. h4 {[%clk 00:53:21]}
{[%emt 00:00:28]} Nf6 {[%clk 00:54:04]} {[%emt 00:00:07]} 8. Ne5 {[%clk
00:52:21]} {[%emt 00:01:06]} Nbd7 {[%clk 00:53:25]} {[%emt 00:00:44]} 9. Nxg6
{[%clk 00:51:37]} {[%emt 00:00:49]} fxg6 {[%clk 00:53:13]} {[%emt 00:00:16]}
10. Nd2 {[%clk 00:51:17]} {[%emt 00:00:25]} O-O {[%clk 00:53:03]} {[%emt
00:00:16]} 11. Qe2 {[%clk 00:50:32]} {[%emt 00:00:50]} c5 {[%clk 00:52:32]}
{[%emt 00:00:36]} 12. O-O-O {[%emt 00:01:00]} Re8 {[%emt 00:00:14]} 13. Qf3
{[%emt 00:00:57]} Rf8 {[%clk 00:52:08]} {[%emt 00:00:27]} 14. Qe2 {[%clk
00:48:08]} {[%emt 00:00:26]} Qb6 {[%clk 00:52:03]} {[%emt 00:00:10]} 15. dxc5
{[%clk 00:47:49]} {[%emt 00:00:23]} Nxc5 {[%clk 00:51:48]} {[%emt 00:00:20]}
16. Bxc5 {[%clk 00:47:13]} {[%emt 00:00:41]} Bxc5 {[%clk 00:51:39]} {[%emt
00:00:14]} 17. f4 {[%clk 00:46:23]} {[%emt 00:00:54]} Rae8 {[%clk 00:49:55]}
{[%emt 00:01:49]} 18. Qf1 {[%clk 00:45:24]} {[%emt 00:01:04]} Nh5 {[%clk
00:48:12]} {[%emt 00:01:49]} 19. Re1 {[%clk 00:40:59]} {[%emt 00:04:31]} Ng3
{[%clk 00:47:41]} {[%emt 00:00:35]} 20. Qf3 {[%clk 00:40:25]} {[%emt 00:00:39]}
Nxh1 {[%clk 00:47:32]} {[%emt 00:00:13]} 21. Qxd5+ {[%clk 00:40:13]} {[%emt
00:00:17]} Kh8 {[%clk 00:47:14]} {[%emt 00:00:24]} 22. Rxh1 {[%clk 00:39:52]}
{[%emt 00:00:26]} Rxf4 {[%clk 00:47:02]} {[%emt 00:00:17]} 23. h5 {[%clk
00:39:05]} {[%emt 00:00:53]} Be3 {[%clk 00:43:45]} {[%emt 00:03:22]} 24. hxg6
{[%clk 00:38:05]} {[%emt 00:01:04]} Bxd2+ {[%clk 00:43:40]} {[%emt 00:00:09]}
25. Kxd2 {[%clk 00:37:52]} {[%emt 00:00:18]} Qf2+ {[%clk 00:43:36]} {[%emt
00:00:09]} 26. Kc3 {[%clk 00:37:49]} {[%emt 00:00:08]} Rc8+ {[%clk 00:43:21]}
{[%emt 00:00:21]} 27. Kb3 {[%emt 00:01:46]} Qb6+ {[%clk 00:43:16]} {[%emt
00:00:09]} 28. Bb5 {[%clk 00:36:05]} {[%emt 00:00:09]} Qxg6 {[%clk 00:43:07]}
{[%emt 00:00:13]} 29. Qxb7 {[%clk 00:35:36]} {[%emt 00:00:35]} Qxc2+ {[%clk
00:42:42]} {[%emt 00:00:30]} 30. Ka3 {[%clk 00:35:03]} {[%emt 00:00:38]} Rc3+
{[%clk 00:42:30]} {[%emt 00:00:16]} 31. b3 {[%clk 00:34:52]} {[%emt 00:00:17]}
h6 {[%clk 00:41:26]} {[%emt 00:01:09]} 32. Qb8+ {[%clk 00:34:36]} {[%emt
00:00:22]} Kh7 {[%clk 00:41:19]} {[%emt 00:00:10]} 33. Qxf4 {[%clk 00:34:17]}
{[%emt 00:00:23]} Qxg2 {[%clk 00:40:44]} {[%emt 00:00:41]} 34. Rh2 {[%clk
00:33:16]} {[%emt 00:01:07]} Qd5 {[%clk 00:40:04]} {[%emt 00:00:45]} 35. Bc4
{[%clk 00:32:17]} {[%emt 00:01:04]} Qc5+ {[%clk 00:39:57]} {[%emt 00:00:12]}
36. Kb2 {[%clk 00:32:07]} {[%emt 00:00:15]} Qb4 {[%clk 00:39:36]} {[%emt
00:00:25]} 1-0

[Event "DVM U10 2023"]
[Site "Magdeburg GER"]
[Date "2023.12.27"]
[Round "1"]
[White "Bacakova, Johanna"]
[Black "Chen, Kevin"]
[Result "0-1"]
[Termination "normal"]
[Board "9.4"]
[WhiteElo "773"]
[BlackElo "942"]
[WhiteClock "00:05:10"]
[BlackClock "00:14:34"]
[WhiteTeam "SG Leipzig"]
[BlackTeam "MSA Zugzwang 82"]
[PlyCount "134"]
[BlackFideId "34688455"]
[EventCountry "GER"]
[EventRounds "7"]
[EventType "team-swiss"]
[EventDate "2023.12.27"]

1. e4 {[%clk 00:55:07]} {[%emt 00:00:02]} e5 {[%clk 00:55:05]} {[%emt
00:00:06]} 2. Nf3 {[%clk 00:55:03]} {[%emt 00:00:09]} Nc6 {[%clk 00:55:03]}
{[%emt 00:00:06]} 3. d4 {[%clk 00:54:53]} {[%emt 00:00:16]} exd4 {[%clk
00:54:18]} {[%emt 00:00:50]} 4. Bc4 {[%clk 00:54:34]} {[%emt 00:00:24]} Nf6
{[%clk 00:53:43]} {[%emt 00:00:41]} 5. O-O {[%clk 00:54:21]} {[%emt 00:00:17]}
Be7 {[%clk 00:53:18]} {[%emt 00:00:30]} 6. e5 {[%clk 00:54:02]} {[%emt
00:00:23]} Ne4 {[%clk 00:52:24]} {[%emt 00:00:59]} 7. Qe2 {[%clk 00:53:14]}
{[%emt 00:00:52]} Ng5 {[%clk 00:51:20]} {[%emt 00:01:11]} 8. Bxg5 {[%clk
00:51:18]} {[%emt 00:02:00]} Bxg5 {[%clk 00:51:00]} {[%emt 00:00:25]} 9. Nbd2
{[%clk 00:49:55]} {[%emt 00:01:28]} O-O {[%clk 00:50:06]} {[%emt 00:01:00]} 10.
Ne4 {[%clk 00:48:44]} {[%emt 00:01:16]} Be7 {[%clk 00:49:26]} {[%emt 00:00:45]}
11. h3 {[%clk 00:46:55]} {[%emt 00:01:52]} d5 {[%clk 00:48:53]} {[%emt
00:00:40]} 12. exd6 {[%clk 00:44:45]} {[%emt 00:02:14]} Bxd6 {[%clk 00:48:05]}
{[%emt 00:00:54]} 13. Nfg5 {[%clk 00:43:01]} {[%emt 00:01:49]} h6 {[%clk
00:46:07]} {[%emt 00:02:04]} 14. Nf3 {[%clk 00:41:37]} {[%emt 00:01:28]} Re8
{[%clk 00:44:58]} {[%emt 00:01:14]} 15. Qd3 {[%clk 00:40:13]} {[%emt 00:01:27]}
Nb4 {[%clk 00:42:52]} {[%emt 00:02:12]} 16. Qe2 {[%clk 00:37:00]} {[%emt
00:03:18]} Bf5 {[%clk 00:41:52]} {[%emt 00:01:06]} 17. Bd3 {[%clk 00:35:47]}
{[%emt 00:01:17]} Nxd3 {[%clk 00:39:29]} {[%emt 00:02:29]} 18. cxd3 {[%clk
00:34:40]} {[%emt 00:01:12]} Qe7 {[%clk 00:37:26]} {[%emt 00:02:08]} 19. Rae1
{[%clk 00:34:06]} {[%emt 00:00:37]} Bb4 {[%clk 00:36:45]} {[%emt 00:00:48]} 20.
Nfd2 {[%clk 00:30:58]} {[%emt 00:03:12]} Bxd2 {[%clk 00:34:46]} {[%emt
00:02:04]} 21. Qxd2 {[%clk 00:28:31]} {[%emt 00:02:31]} Qd7 {[%clk 00:33:13]}
{[%emt 00:01:40]} 22. Qf4 {[%clk 00:25:59]} {[%emt 00:02:36]} Rad8 {[%clk
00:30:24]} {[%emt 00:02:54]} 23. Rc1 {[%clk 00:23:33]} {[%emt 00:02:31]} c6
{[%clk 00:29:16]} {[%emt 00:01:14]} 24. Rc5 {[%clk 00:22:23]} {[%emt 00:01:15]}
Bxe4 {[%clk 00:28:23]} {[%emt 00:00:58]} 25. dxe4 {[%clk 00:21:51]} {[%emt
00:00:36]} Qd6 {[%clk 00:28:06]} {[%emt 00:00:23]} 26. Rf5 {[%clk 00:20:20]}
{[%emt 00:01:34]} Qxf4 {[%clk 00:27:41]} {[%emt 00:00:31]} 27. Rxf4 {[%clk
00:19:55]} {[%emt 00:00:31]} d3 {[%clk 00:27:12]} {[%emt 00:00:35]} 28. Rd1
{[%clk 00:19:12]} {[%emt 00:00:47]} d2 {[%clk 00:26:49]} {[%emt 00:00:28]} 29.
f3 {[%clk 00:17:51]} {[%emt 00:01:25]} b5 {[%clk 00:25:47]} {[%emt 00:01:08]}
30. g4 {[%clk 00:16:30]} {[%emt 00:01:25]} c5 {[%clk 00:24:57]} {[%emt
00:00:56]} 31. Kf2 {[%clk 00:15:32]} {[%emt 00:01:02]} c4 {[%clk 00:24:22]}
{[%emt 00:00:40]} 32. Ke2 {[%clk 00:14:40]} {[%emt 00:00:57]} g5 {[%clk
00:23:36]} {[%emt 00:00:52]} 33. Rf6 {[%clk 00:13:33]} {[%emt 00:01:12]} Re6
{[%clk 00:23:02]} {[%emt 00:00:38]} 34. Rxe6 {[%clk 00:12:30]} {[%emt
00:01:08]} fxe6 {[%clk 00:22:58]} {[%emt 00:00:10]} 35. Rxd2 {[%clk 00:11:45]}
{[%emt 00:00:49]} Rxd2+ {[%clk 00:22:42]} {[%emt 00:00:21]} 36. Kxd2 {[%clk
00:10:47]} {[%emt 00:01:04]} a6 {[%clk 00:21:58]} {[%emt 00:00:50]} 37. b3
{[%clk 00:10:22]} {[%emt 00:00:29]} cxb3 {[%clk 00:21:36]} {[%emt 00:00:27]}
38. axb3 {[%clk 00:10:13]} {[%emt 00:00:14]} Kf7 {[%clk 00:21:17]} {[%emt
00:00:25]} 39. b4 {[%clk 00:09:49]} {[%emt 00:00:28]} Ke7 {[%clk 00:21:09]}
{[%emt 00:00:12]} 40. Ke3 {[%clk 00:09:31]} {[%emt 00:00:23]} Kd6 {[%clk
00:20:50]} {[%emt 00:00:24]} 41. f4 {[%clk 00:09:11]} {[%emt 00:00:25]} gxf4+
{[%clk 00:20:36]} {[%emt 00:00:19]} 42. Kxf4 {[%clk 00:08:25]} {[%emt
00:00:50]} Kc6 {[%clk 00:19:15]} {[%emt 00:01:28]} 43. g5 {[%clk 00:08:13]}
{[%emt 00:00:16]} hxg5+ {[%clk 00:19:07]} {[%emt 00:00:14]} 44. Kxg5 {[%clk
00:07:54]} {[%emt 00:00:24]} Kb6 {[%clk 00:18:17]} {[%emt 00:00:55]} 45. Kf6
{[%clk 00:07:44]} {[%emt 00:00:15]} a5 {[%clk 00:18:09]} {[%emt 00:00:13]} 46.
Kxe6 {[%clk 00:07:00]} {[%emt 00:00:48]} axb4 {[%clk 00:18:02]} {[%emt
00:00:13]} 47. e5 {[%clk 00:06:44]} {[%emt 00:00:21]} b3 {[%clk 00:17:55]}
{[%emt 00:00:12]} 48. Kd7 {[%clk 00:06:40]} {[%emt 00:00:09]} b2 {[%clk
00:17:39]} {[%emt 00:00:22]} 49. e6 {[%clk 00:06:15]} {[%emt 00:00:29]} b1=Q
{[%clk 00:17:28]} {[%emt 00:00:14]} 50. e7 {[%clk 00:05:48]} {[%emt 00:00:34]}
Qd3+ {[%clk 00:17:17]} {[%emt 00:00:16]} 51. Ke6 {[%clk 00:04:58]} {[%emt
00:00:55]} Qxh3 {[%clk 00:17:08]} {[%emt 00:00:13]} 52. Kf7 {[%clk 00:04:56]}
{[%emt 00:00:08]} Qh7+ {[%clk 00:17:01]} {[%emt 00:00:11]} 53. Kf8 {[%clk
00:04:53]} {[%emt 00:00:09]} Qxe7+ {[%clk 00:16:31]} {[%emt 00:00:36]} 54. Kxe7
{[%clk 00:04:53]} {[%emt 00:00:04]} b4 {[%clk 00:16:31]} {[%emt 00:00:05]} 55.
Kd6 {[%clk 00:04:56]} {[%emt 00:00:02]} b3 {[%clk 00:16:33]} {[%emt 00:00:03]}
56. Kd5 {[%clk 00:05:00]} {[%emt 00:00:01]} b2 {[%clk 00:16:06]} {[%emt
00:00:33]} 57. Kc4 {[%clk 00:05:02]} {[%emt 00:00:02]} b1=Q {[%clk 00:15:58]}
{[%emt 00:00:13]} 58. Kd4 {[%clk 00:05:02]} {[%emt 00:00:05]} Qb4+ {[%clk
00:15:55]} {[%emt 00:00:09]} 59. Ke5 {[%clk 00:05:05]} {[%emt 00:00:02]} Qd2
{[%clk 00:15:12]} {[%emt 00:00:47]} 60. Ke4 {[%clk 00:05:07]} {[%emt 00:00:03]}
Kc5 {[%clk 00:14:46]} {[%emt 00:01:16]} 61. Ke5 {[%clk 00:05:10]} {[%emt
00:00:02]} Qe1 {[%clk 00:14:43]} {[%emt 00:00:08]} 62. Kf4 {[%clk 00:05:08]}
{[%emt 00:00:07]} Kd5 {[%clk 00:14:41]} {[%emt 00:00:07]} 63. Kf5 {[%clk
00:05:11]} {[%emt 00:00:02]} Qf1 {[%clk 00:14:38]} {[%emt 00:00:08]} 64. Kg4
{[%clk 00:05:07]} {[%emt 00:00:09]} Ke5 {[%clk 00:14:38]} {[%emt 00:00:06]} 65.
Kg5 {[%clk 00:05:09]} {[%emt 00:00:02]} Qg1 {[%clk 00:14:36]} {[%emt 00:00:07]}
66. Kh4 {[%clk 00:05:10]} {[%emt 00:00:04]} Kf5 {[%clk 00:14:39]} {[%emt
00:00:03]} 67. Kh5 {[%clk 00:05:10]} {[%emt 00:00:04]} Qg5 {[%clk 00:14:34]}
{[%emt 00:00:10]} 0-1

[Event "DVM U10 2023"]
[Site "Magdeburg GER"]
[Date "2023.12.27"]
[Round "1"]
[White "Brückner, Julian"]
[Black "Rauschel, Marten"]
[Result "1-0"]
[Termination "normal"]
[Board "10.1"]
[WhiteElo "1592"]
[BlackElo "1039"]
[WhiteClock "00:36:01"]
[BlackClock "00:46:18"]
[WhiteTeam "SV Roter Turm Halle"]
[BlackTeam "SC Aurich"]
[PlyCount "45"]
[WhiteFideId "34630031"]
[BlackFideId "34640010"]
[EventCountry "GER"]
[EventRounds "7"]
[EventType "team-swiss"]
[EventDate "2023.12.27"]

1. e4 {[%clk 00:55:08]} {[%emt 00:00:02]} c5 {[%clk 00:55:08]} {[%emt
00:00:02]} 2. Nf3 {[%clk 00:55:05]} {[%emt 00:00:07]} Nc6 {[%clk 00:55:07]}
{[%emt 00:00:06]} 3. d4 {[%clk 00:55:00]} {[%emt 00:00:10]} cxd4 {[%clk
00:55:07]} {[%emt 00:00:05]} 4. Nxd4 {[%clk 00:54:57]} {[%emt 00:00:08]} g6
{[%clk 00:55:06]} {[%emt 00:00:06]} 5. Nc3 {[%clk 00:54:54]} {[%emt 00:00:09]}
Bg7 {[%clk 00:55:06]} {[%emt 00:00:05]} 6. Be3 {[%clk 00:54:44]} {[%emt
00:00:14]} Nf6 {[%clk 00:55:06]} {[%emt 00:00:05]} 7. f3 {[%clk 00:54:30]}
{[%emt 00:00:20]} d6 {[%clk 00:55:05]} {[%emt 00:00:06]} 8. Bc4 {[%clk
00:54:27]} {[%emt 00:00:07]} Bd7 {[%clk 00:54:26]} {[%emt 00:00:45]} 9. Qd2
{[%clk 00:54:18]} {[%emt 00:00:14]} O-O {[%clk 00:53:20]} {[%emt 00:01:10]} 10.
O-O-O {[%clk 00:53:56]} {[%emt 00:00:28]} Qc7 {[%clk 00:52:18]} {[%emt
00:01:05]} 11. Bb3 {[%clk 00:52:45]} {[%emt 00:01:18]} a6 {[%clk 00:50:32]}
{[%emt 00:01:51]} 12. g4 {[%clk 00:50:35]} {[%emt 00:02:14]} b5 {[%clk
00:50:26]} {[%emt 00:00:07]} 13. h4 {[%clk 00:50:26]} {[%emt 00:00:19]} b4
{[%clk 00:50:24]} {[%emt 00:00:06]} 14. Na4 {[%clk 00:48:50]} {[%emt 00:01:41]}
Nxd4 {[%clk 00:49:56]} {[%emt 00:00:33]} 15. Bxd4 {[%clk 00:48:23]} {[%emt
00:00:33]} Qa5 {[%clk 00:49:52]} {[%emt 00:00:09]} 16. Nb6 {[%clk 00:45:54]}
{[%emt 00:02:34]} Rab8 {[%clk 00:48:45]} {[%emt 00:01:10]} 17. Bxf6 {[%clk
00:45:50]} {[%emt 00:00:11]} Qxb6 {[%clk 00:48:16]} {[%emt 00:00:34]} 18. Bxg7
{[%clk 00:42:53]} {[%emt 00:03:01]} Kxg7 {[%clk 00:48:07]} {[%emt 00:00:13]}
19. h5 {[%clk 00:42:45]} {[%emt 00:00:14]} a5 {[%clk 00:47:48]} {[%emt
00:00:25]} 20. hxg6 {[%clk 00:36:45]} {[%emt 00:06:18]} hxg6 {[%clk 00:46:54]}
{[%emt 00:00:55]} 21. Qh6+ {[%clk 00:36:36]} {[%emt 00:00:15]} Kf6 {[%clk
00:46:36]} {[%emt 00:00:22]} 22. g5+ {[%clk 00:36:13]} {[%emt 00:00:27]} Ke5
{[%clk 00:46:18]} {[%emt 00:00:23]} 23. Qh2# {[%clk 00:36:01]} {[%emt
00:00:18]} 1-0

[Event "DVM U10 2023"]
[Site "Magdeburg GER"]
[Date "2023.12.27"]
[Round "1"]
[White "Meyer, Lönne"]
[Black "Meurer, Knut"]
[Result "1-0"]
[Termination "normal"]
[Board "10.2"]
[WhiteElo "1057"]
[BlackElo "1056"]
[WhiteClock "00:34:47"]
[BlackClock "00:22:58"]
[WhiteTeam "SC Aurich"]
[BlackTeam "SV Roter Turm Halle"]
[PlyCount "71"]
[WhiteFideId "34674241"]
[BlackFideId "34623604"]
[EventCountry "GER"]
[EventRounds "7"]
[EventType "team-swiss"]
[EventDate "2023.12.27"]

1. d4 {[%clk 00:55:08]} {[%emt 00:00:03]} d5 {[%clk 00:55:05]} {[%emt
00:00:05]} 2. Nc3 {[%clk 00:55:04]} {[%emt 00:00:09]} Bf5 {[%clk 00:54:53]}
{[%emt 00:00:17]} 3. Bf4 {[%clk 00:54:49]} {[%emt 00:00:20]} Nf6 {[%clk
00:54:39]} {[%emt 00:00:20]} 4. f3 {[%clk 00:54:03]} {[%emt 00:00:50]} Nc6
{[%clk 00:53:32]} {[%emt 00:01:11]} 5. Nb5 {[%clk 00:53:26]} {[%emt 00:00:42]}
e5 {[%clk 00:53:01]} {[%emt 00:00:36]} 6. dxe5 {[%clk 00:52:38]} {[%emt
00:00:54]} Nh5 {[%clk 00:50:23]} {[%emt 00:02:43]} 7. Be3 {[%clk 00:51:44]}
{[%emt 00:00:59]} Nxe5 {[%clk 00:49:45]} {[%emt 00:00:43]} 8. g4 {[%clk
00:51:28]} {[%emt 00:00:21]} Bd7 {[%clk 00:47:07]} {[%emt 00:02:43]} 9. gxh5
{[%clk 00:51:09]} {[%emt 00:00:23]} Bxb5 {[%clk 00:47:00]} {[%emt 00:00:12]}
10. Bd4 {[%clk 00:50:24]} {[%emt 00:00:51]} Nc6 {[%clk 00:46:25]} {[%emt
00:00:39]} 11. Be3 {[%clk 00:49:33]} {[%emt 00:00:50]} Be7 {[%clk 00:46:01]}
{[%emt 00:00:32]} 12. Bh3 {[%clk 00:49:03]} {[%emt 00:00:35]} O-O {[%clk
00:45:16]} {[%emt 00:00:53]} 13. h6 {[%clk 00:47:46]} {[%emt 00:01:22]} g6
{[%clk 00:45:10]} {[%emt 00:00:11]} 14. Bd4 {[%clk 00:47:09]} {[%emt 00:00:42]}
Bf6 {[%clk 00:44:02]} {[%emt 00:01:09]} 15. Bxf6 {[%clk 00:45:16]} {[%emt
00:02:03]} Qxf6 {[%clk 00:43:34]} {[%emt 00:00:32]} 16. Kf1 {[%clk 00:44:55]}
{[%emt 00:00:23]} Rfe8 {[%clk 00:42:13]} {[%emt 00:01:29]} 17. Bg2 {[%clk
00:43:41]} {[%emt 00:01:18]} Nd4 {[%clk 00:41:30]} {[%emt 00:00:50]} 18. Qd2
{[%clk 00:41:16]} {[%emt 00:02:27]} Nxe2 {[%clk 00:41:02]} {[%emt 00:00:35]}
19. Nxe2 {[%clk 00:41:00]} {[%emt 00:00:22]} Bxe2+ {[%clk 00:40:58]} {[%emt
00:00:09]} 20. Kf2 {[%clk 00:40:21]} {[%emt 00:00:41]} Qh4+ {[%clk 00:39:18]}
{[%emt 00:01:43]} 21. Kg1 {[%clk 00:40:07]} {[%emt 00:00:22]} Re7 {[%clk
00:38:38]} {[%emt 00:00:45]} 22. Re1 {[%clk 00:39:23]} {[%emt 00:00:50]} Rae8
{[%clk 00:38:28]} {[%emt 00:00:16]} 23. h3 {[%clk 00:38:28]} {[%emt 00:00:56]}
Bb5 {[%clk 00:37:24]} {[%emt 00:01:12]} 24. Rxe7 {[%clk 00:38:08]} {[%emt
00:00:25]} Rxe7 {[%clk 00:37:00]} {[%emt 00:00:30]} 25. Kh2 {[%clk 00:37:41]}
{[%emt 00:00:30]} Re2 {[%clk 00:36:00]} {[%emt 00:01:04]} 26. Qa5 {[%clk
00:36:58]} {[%emt 00:00:47]} Qf4+ {[%clk 00:34:33]} {[%emt 00:01:35]} 27. Kg1
{[%clk 00:36:51]} {[%emt 00:00:11]} Qc1+ {[%clk 00:32:40]} {[%emt 00:02:00]}
28. Kh2 {[%clk 00:36:46]} {[%emt 00:00:08]} Qxb2 {[%clk 00:32:37]} {[%emt
00:00:10]} 29. Qxc7 {[%clk 00:36:17]} {[%emt 00:00:33]} Qxa2 {[%clk 00:31:18]}
{[%emt 00:01:24]} 30. Qc3 {[%clk 00:36:04]} {[%emt 00:00:12]} Kf8 {[%clk
00:29:27]} {[%emt 00:01:44]} 31. Qc5+ {[%clk 00:35:56]} {[%emt 00:00:31]} Ke8
{[%clk 00:27:36]} {[%emt 00:01:47]} 32. Qxb5+ {[%clk 00:35:55]} {[%emt
00:00:15]} Kd8 {[%clk 00:26:14]} {[%emt 00:01:22]} 33. Qxe2 {[%clk 00:35:53]}
{[%emt 00:00:13]} Qb2 {[%clk 00:24:16]} {[%emt 00:02:03]} 34. Qd2 {[%clk
00:34:58]} {[%emt 00:00:57]} Qe5+ {[%clk 00:23:44]} {[%emt 00:00:36]} 35. f4
{[%clk 00:34:54]} {[%emt 00:00:13]} Qd6 {[%clk 00:22:58]} {[%emt 00:00:49]} 36.
Qxd5 {[%clk 00:34:47]} {[%emt 00:00:12]} 1-0